| 000 | 00740nam a22002537a 4500 | ||
|---|---|---|---|
| 005 | 20170123162303.0 | ||
| 010 | _aA-998623 | ||
| 020 |
_c250.00 _a818517220 |
||
| 035 | _aA-998623 | ||
| 037 | _bCen Lib/Ret | ||
| 040 |
_aDPL _bUR |
||
| 082 |
_aن _bا ے ا |
||
| 100 |
_aا ے آر خاتون _9108198 |
||
| 245 |
_aشمع / _cا ے آر خاتون |
||
| 246 |
_aShama / _bby A.R. Khatoon |
||
| 260 |
_aدہلی _bعاقف بک ڈپو _c1996 |
||
| 270 |
_bدہلی _a٤٣٧، متیا محل _e110002 |
||
| 300 |
_a567p. _c19cm(Hb) |
||
| 650 |
_aاردو ادب _9108199 |
||
| 650 |
_aاردو ناول _9547 |
||
| 650 |
_aUrdu litarature _9108200 |
||
| 650 |
_aUrdu novel _9108201 |
||
| 942 |
_2ddc _cUR _hن _mا ے ا |
||
| 999 |
_c106148 _d106148 |
||